00385nam a2200097Ia 4500008004100000100001900041245011300060260003800173650001500211856006100226160909s9999 xx 000 0 und d aGilmaher, Tara aSoul Song's Mirror: A Phenomenological Journey of Alternative Methodologies and Universal Healing for Trauma bPacifica Graduate Institutec2016 aPSYCHOLOGY uhttp://pqdtopen.proquest.com/doc/1802314147.html?FMT=ABS